000 00627nam a2200229Ia 4500
003 OSt
005 20221007062718.0
006 a|||||r|||| 00| 0
007 ta
008 221006b |||||||| |||| 00| 0 eng d
024 _a16,063
037 _cTextual
040 _aFLL
_cFLL
_beng
041 _2eng
_aeng
082 _aX723:252:N3, H2
100 _aMisra B.R.
_9101032
245 0 _aLand revenue policy in the United provinces
260 _aBenares
_bNand Kishore & Bros. India
_c1942
300 _axii,274p
_ccm.
942 _hX723:252:N3, H2
_cTEXL
_2CC
999 _c1129354
_d1129354